Garfield and friends [

Bibliographic Details
Main Author: Davis, Jim
Format: Book
Published: United State : A Film Roman Production , 1988
Subjects:

MARC

LEADER 00000cam a2200000 7i4500
001 0000000268
002 000000339
005 20021001.0
020 |a 000000339 
090 0 0 |a JF   |b GAR 
100 1 |a Davis, Jim 
245 1 0 |a Garfield and friends [  |h video recording]   |c Jim Davis 
255 |a Vol. 2 
260 |a United State :   |b A Film Roman Production ,   |c 1988 
300 |a 1 Video recording VHS (60:00 min) :   |b col.(PAL) 
500 |a Library has 1 copy 
650 0 0 |a Cartoon and carricatures 
999 |a PV0115   |b VIDEO   |c JUNIOR REFERENCE   |e PERPUSTAKAAN KOMUNITI PETALING JAYA